| 000 | 00520pab a2200169 454500 | ||
|---|---|---|---|
| 008 | 180718b1997 xxu||||| |||| 00| 0 eng d | ||
| 100 | _aMaharatna, Arup | ||
| 245 | _aChildren's work activities, surplus labour and fertility: case study of six villages in Birbhum | ||
| 260 | _c1997 | ||
| 300 | _ap.363-69 | ||
| 362 | _a15 Feb | ||
| 650 | _aChild labour - India - West Bengal | ||
| 650 | _aChild welfare - India - West Bengal | ||
| 650 | _aChild labour | ||
| 773 | _aEconomic and Political Weekly | ||
| 909 | _a33415 | ||
| 999 |
_c33415 _d33415 |
||